Todos os Reis da América - Statistics

Estatísticas Gerais
  • Esse quiz foi jogado 20 vezes
  • A pontuação média é 30 de 55
Estatísticas das Respostas
Ano Nacionalidade Time Rei da América % Correto
2019 Brasil Flamengo Gabriel Barbosa
100%
2025 Uruguai Flamengo Giorgian De Arrascaeta
100%
2023 Argentina Fluminense Germán Cano
94%
2017 Brasil Grêmio Luan Guilherme
94%
2012 Brasil Santos Neymar
94%
2011 Brasil Santos Neymar
94%
2022 Brasil Flamengo Pedro
94%
2000 Brasil Vasco da Gama Romário
94%
2013 Brasil Atlético Mineiro Ronaldinho Gaúcho
94%
2010 Argentina Internacional D'Alessandro
88%
2005 Argentina Corinthians Carlos Tévez
82%
2004 Argentina Boca Juniors Carlos Tévez
82%
2003 Argentina Boca Juniors Carlos Tévez
82%
2021 Argentina River Plate Manchester City Julián Álvarez
82%
2024 Brasil Botafogo Luiz Henrique
82%
1982 Brasil Flamengo Zico
82%
1981 Brasil Flamengo Zico
82%
1977 Brasil Flamengo Zico
82%
2001 Argentina Boca Juniors Juan Román Riquelme
76%
1973 Brasil Santos Pelé
76%
2009 Argentina Estudiantes Juan Sebastián Verón
71%
2008 Argentina Estudiantes Juan Sebastián Verón
71%
2020 Brasil Santos Marinho
71%
2016 Colômbia Cortuluá Atlético Nacional Miguel Borja
71%
1989 Brasil Flamengo Vasco da Gama Bebeto
65%
1992 Brasil São Paulo Raí
65%
2015 Uruguai River Plate Carlos Sánchez
59%
1980 Argentina Argentinos Juniors Diego Maradona
59%
1979 Argentina Argentinos Juniors Diego Maradona
59%
1994 Brasil São Paulo Cafu
53%
2007 Paraguai América do Mexico Salvador Cabañas
53%
1983 Brasil Corinthians Sócrates
53%
1976 Chile Internacional Elías Figueroa
47%
1975 Chile Internacional Elías Figueroa
47%
1974 Chile Internacional Elías Figueroa
47%
1971 Brasil Cruzeiro Tostão
47%
1996 Paraguai Vélez Sársfield José Luis Chilavert
41%
1993 Colômbia Junior de Barranquilla Carlos Valderrama
29%
1987 Colômbia Deportivo Cali Carlos Valderrama
29%
1978 Argentina Valencia Mario Kempes
29%
1998 Argentina Boca Juniors Martín Palermo
24%
1985 Paraguai Fluminense Romerito
24%
1972 Peru Alianza Lima Teófilo Cubillas
24%
1999 Argentina River Plate Javier Saviola
12%
1997 Chile River Plate Marcelo Salas
12%
2014 Colômbia River Plate Teófilo Gutiérrez
12%
1995 Uruguai River Plate Enzo Francescoli
6%
1984 Uruguai River Plate Enzo Francescoli
6%
2018 Argentina River Plate Pity Martínez
6%
1988 Uruguai Racing Rubén Paz
6%
1986 Uruguai River Plate Antonio Alzamendi
0%
2002 Paraguai Toluca José Cardozo
0%
2006 Chile Colo-Colo Matías Fernández
0%
1991 Argentina Vélez Sársfield Oscar Ruggeri
0%
1990 Paraguai Olimpia Raúl Amarilla
0%
Nenhum quiz correspondente encontrado
Distribuição das Pontuações
Porcentagem de Pessoas com Cada Pontuação
Percentil de Números Respondidos
Sua Pontuação Histórica
Você não jogou esse quiz